Pervasive Healthcare Computing (رقم التسجيلة. 13858)
[ عرض عادي ]
| 000 -الفاتح | |
|---|---|
| حقل البيانات ثابتة الطول | 01301cam a22003372 b4500 |
| 001 - رقم الضبط | |
| رقم الضبط | 7920356 |
| 003 - محدد رقم الضبط | |
| رقم الضبط | OSt |
| 005 - وقت وتاريخ اخر تعامل مع التسجيلة | |
| رقم الضبط | 20150408113914.0 |
| 006 - عناصر البيانات ثابتة الطول - خصائص المادة الاضافية-معلومات عامة | |
| حقل البيانات ثابتة الطول | m d |
| 007 - الحقل الثابت للوصف المادى- معلومات عامة | |
| حقل البيانات ثابتة الطول | cr n |
| 008 - عناصر البيانات ثابتة الطول - معلومات عامة | |
| حقل البيانات ثابتة الطول | 090129e20090101xxk s|||||||| ||eng|d |
| 020 ## - الرقم الدولى المعيارى للكتب | |
| الرقم الدولى المعيارى للكتاب | 9781441902153 |
| 020 ## - الرقم الدولى المعيارى للكتب | |
| الرقم الدولى المعيارى للكتاب | 1441902155 (EBook) |
| شروط الاتاحة | USD 99.00 Retail Price (NetLibrary, Incorporated) |
| 035 ## - رقم ضبط النظام | |
| رقم ضبط النظام | (WaSeSS)ssj0000220376 |
| 037 ## - مصدر التزويد | |
| مصدر رقم المخزون/ التزويد | 00325391 |
| 040 ## - مصدر الفهرسة | |
| وكالة الفهرسة الأصلية | BIP US |
| وكالة التعديل | WaSeSS |
| وكالة النسخ | دار أجنادين |
| 050 #4 - رقم طلب مكتبة الكونجرس | |
| رقم التصنيف | R859.7.U27V37 2009 |
| 050 #4 - رقم طلب مكتبة الكونجرس | |
| رقم التصنيف | R858 |
| 082 ## - رقم تصنيف ديوى العشرى | |
| رقم الطبعة | 21 |
| رقم التصنيف | 610.285 |
| رقم المادة | V U P |
| 100 1# - المدخل الرئيسى - إسم شخصى | |
| الإسم الشخصى | Varshney, Upkar |
| الدور | Author |
| 9 (RLIN) | 3385 |
| 210 10 - العنوان المختصر | |
| العنوان المختصر | Pervasive Healthcare Computing |
| 245 10 - بيان العنوان | |
| العنوان | Pervasive Healthcare Computing |
| الوسيط | [electronic resource]: |
| بقية العنوان | EMR/EHR, Wireless and Health Monitoring |
| 260 ## - PUBLICATION, DISTRIBUTION, ETC. (IMPRINT) | |
| مكان الناشر او الموزع | Guildford : |
| اسم الناشر او الموزع | Springer London, Limited |
| تاريخ النشر أو التوزيع | Jan. 2009 |
| مكان الناشر او الموزع | Boulder : |
| اسم الناشر او الموزع | NetLibrary, Incorporated [Distributor] |
| 300 ## - الوصف المادى | |
| التعداد | 282 p. : |
| تفاصيل ماديه اخرى للوعاء | ill. ; |
| أبعاد الوعاء | 24 cm. |
| 506 ## - تبصرة قيود الاتاحة | |
| قيود الإتاحة | License restrictions may limit access. |
| 650 ## - المدخل الاضافى بالموضوع-مصطلح موضوعى | |
| مصطلح موضوعي أو اسم جغرافي كعنصر مدخل | Healthcare Computing |
| 9 (RLIN) | 3386 |
| 773 #0 - مدخل المادة المضيفة | |
| العنوان | SpringerLink ebooks - Computer Science (2009) |
| 856 40 - الوصول و الموقع الالكترونى | |
| معرف المصدر الموحد | <a href="http://www.columbia.edu/cgi-bin/cul/resolve?clio7920356">http://www.columbia.edu/cgi-bin/cul/resolve?clio7920356</a> |
| تبصرة عامة | Full text available from SpringerLink ebooks - Computer Science (2009) |
| 910 ## - بيانات اختيارية للمستخدم | |
| User-option data | Bowker Global Books in Print record |
| 942 ## - عناصر المدخل الإضافي( كوها) | |
| مصدر التصنيف او مخطط الترفيف | Dewey Decimal Classification |
| Koha [default] item type | DVD |
| حالة الفقد | نموذج السعر الفعال | حالة تلف | ليس للاعارة | رقم الطلب | تاريخ الاكتساب | الموقع الحالي | الباركود | الفرع الرئيسي | Date last seen | نوع المادة فى نظام كوها | مصدر التصنيف او خطة الترفيف | Total Checkouts |
|---|---|---|---|---|---|---|---|---|---|---|---|---|
| 2013-03-10 | 610.285 V U P | 2011-08-27 | مكتبة كلية التمريض - طالبات (CNF) | 00102154 | مكتبة كلية التمريض - طالبات (CNF) | 2013-03-10 | كتاب | Dewey Decimal Classification | ||||
| 2013-03-10 | 610.285 V U P | 2011-08-27 | مكتبة كلية التمريض - طالبات (CNF) | 00102155 | مكتبة كلية التمريض - طالبات (CNF) | 2013-03-10 | كتاب | Dewey Decimal Classification |
